Ahorro, inversión y perspectivas de Colombia / (Registro nro. 11912)
[ vista simple ]
| 000 -LEADER | |
|---|---|
| fixed length control field | 01025nam a2200253Ia 4500 |
| 003 - CONTROL NUMBER IDENTIFIER | |
| control field | OSt |
| 005 - DATE AND TIME OF LATEST TRANSACTION | |
| control field | 20210714114531.0 |
| 008 - FIXED-LENGTH DATA ELEMENTS--GENERAL INFORMATION | |
| fixed length control field | 210310s1992 nyuad gr 000 0 spa d |
| 040 ## - CATALOGING SOURCE | |
| Original cataloging agency | CO-JMCR |
| Transcribing agency | CO-JMCR |
| 041 0# - LANGUAGE CODE | |
| Language code of text/sound track or separate title | spa |
| 082 04 - DEWEY DECIMAL CLASSIFICATION NUMBER | |
| Classification number | 332.0415 / |
| Item number | S111a |
| Edition number | 23 |
| 100 1# - MAIN ENTRY--PERSONAL NAME | |
| Personal name | Sánchez, Fabio, |
| Relator term | autor |
| 9 (RLIN) | 15885 |
| 245 10 - TITLE STATEMENT | |
| Title | Ahorro, inversión y perspectivas de Colombia / |
| Statement of responsibility, etc. | Fabio Sánchez, Eduardo Lora, Aura Janeth Parra |
| 260 ## - PUBLICATION, DISTRIBUTION, ETC. | |
| Place of publication, distribution, etc. | Washington D.C. : |
| Name of publisher, distributor, etc. | Banco Interamericano de Desarrollo, |
| Date of publication, distribution, etc. | 1992. |
| 300 ## - PHYSICAL DESCRIPTION | |
| Extent | 119 páginas ; |
| Other physical details | 29 cm |
| 490 0# - SERIES STATEMENT | |
| Series statement | Documentos de trabajo ; |
| Volume/sequential designation | 111 |
| 505 0# - FORMATTED CONTENTS NOTE | |
| Formatted contents note | Comportamiento de la inversión. -- Financiación de la inversión. -- El ahorro del sector público y los determinantes de sus variaciones. -- Simulaciones e implicaciones de política. |
| 650 14 - SUBJECT ADDED ENTRY--TOPICAL TERM | |
| Topical term or geographic name entry element | Inversión |
| General subdivision | pública |
| 9 (RLIN) | 26787 |
| 650 24 - SUBJECT ADDED ENTRY--TOPICAL TERM | |
| Topical term or geographic name entry element | Ahorro pública |
| 9 (RLIN) | 38445 |
| 650 24 - SUBJECT ADDED ENTRY--TOPICAL TERM | |
| Topical term or geographic name entry element | Ahorro |
| General subdivision | variaciones |
| 9 (RLIN) | 38446 |
| 700 1# - ADDED ENTRY--PERSONAL NAME | |
| Personal name | Lora, Eduardo, |
| Relator term | autor |
| 9 (RLIN) | 2270 |
| 700 1# - ADDED ENTRY--PERSONAL NAME | |
| Personal name | Parra, Aura Janeth, |
| Relator term | autora |
| 9 (RLIN) | 38447 |
| 942 ## - ADDED ENTRY ELEMENTS (KOHA) | |
| Source of classification or shelving scheme | Dewey Decimal Classification |
| Koha item type | Books |
| Withdrawn status | Lost status | Source of classification or shelving scheme | Damaged status | Not for loan | Home library | Current library | Shelving location | Date acquired | Source of acquisition | Full call number | Barcode | Date last seen | Copy number | Price effective from | Koha item type |
|---|---|---|---|---|---|---|---|---|---|---|---|---|---|---|---|
| Dewey Decimal Classification | Biblioteca Pública José María del Castillo y Rada | Biblioteca Pública José María del Castillo y Rada | General Stacks | 04/15/2018 | Donación | 332.0415 / S111a | 430003131 | 05/16/2024 | Ej.1 | 03/10/2021 | Books |